000 00255nam a2200109Ia 4500
008 200302s9999 xx 000 0 und d
100 _aPhyllis Lovell
245 _aPattern for Home-Making
260 _bMills & Boon Ltd.
260 _c1957
300 _a111 P.,
999 _c320
_d320